000 01185nam a2200289Ia 4500
003 GCL
008 140319s9999 xx 000 0 ara d
040 _aGCL /
_cGCL
082 0 4 _aق
_b916.2
_bز ك
100 1 _aفؤاد سزكين
245 1 0 _aكتاب الكواكب السيارة فى ترتيب الزيارة فى القرافتين الكبرى والصغرى /
_cفؤاد سزكين
700 1 _aابن الزيات : شمس الدين ابو عبدالله محمد بن محمد بن محمد بن عبدالله بن عمر الانصارى العباس
260 _a[S.N] :
_bمعهد تاريخ العلوم العربية والاسلامية ،
_c1992
300 _a410 ص
490 _aالجغرافيا الاسلامية
_v0
650 0 4 _aالمقابر
650 0 4 _aاعلام العرب
650 0 4 _aالاثار الاسلامية
650 0 4 _aالمساجد
650 0 4 _aالائمة والاولياء
650 0 4 _aالقاهرة
650 0 4 _aالاضرحة
650 0 4 _aجبل المقطم
650 0 4 _aدولة المماليك الجراكسة
650 0 4 _aالقرافتان الكبرى والصغرى
942 _2ddc
_cBK
999 _c36981
_d36981